[Event "FRA-chT U20a 0405"]
[Site "France"]
[Date "2005.05.16"]
[Round "11.6"]
[White "Auvray, Juliette"]
[Black "Barbier, Alex"]
[Result "1/2-1/2"]
[WhiteElo "1620"]
[BlackElo "1320"]
[PlyCount "156"]
[EventDate "2004.11.19"]
[EventType "team"]
[EventRounds "11"]
[EventCountry "FRA"]
[SourceTitle "EXT 2006"]
[Source "ChessBase"]
[SourceDate "2005.11.24"]
[SourceVersion "1"]
[SourceVersionDate "2005.11.24"]
[SourceQuality "1"]

1. e4 e6 2. d4 d5 3. e5 c5 4. c3 Nc6 5. Nf3 Qb6 6. a3 cxd4 7. cxd4 Nh6 8. b4 Nf5 9. Be3 a5 10. b5 Na7 11. Qd3 Bd7 12. a4 Nxe3 13. fxe3 Bb4+ 14. Nbd2 Qc7 15. Be2 Rc8 16. 0-0 Qc3 17. Qxc3 Bxc3 18. Rac1 b6 19. Bd3 h6 20. Nb1 Bb4 21. Rxc8+ Nxc8 22. Rc1 Ne7 23. Nbd2 0-0 24. Nb3 f6 25. Rc7 Bc8 26. Rc1 Bb7 27. h4 Kf7 28. Kf2 f5 29. g3 g6 30. Ng1 g5 31. hxg5 hxg5 32. Nh3 Kg6 33. Rh1 Ng8 34. Rg1 Kh5 35. Be2+ Kg6 36. Rc1 Ne7 37. Bd3 Kh5 38. Kg2 Rc8 39. Rxc8 Bxc8 40. Nc1 Bd2 41. Be2+ Kg6 42. Nb3 Bb4 43. Kf2 Ng8 44. g4 Nh6 45. gxf5+ Nxf5 46. Bd3 g4 47. Nf4+ Kg5 48. Bxf5 Kxf5 49. Ne2 Ke4 50. Nbc1 Kf5 51. Ng3+ Kg5 52. Nd3 Kh4 53. Kg2 Bd2 54. Nf1 Bb4 55. Nf4 Kg5 56. Nd3 Kf5 57. Ng3+ Kg5 58. Nf1 Bd7 59. Nf4 Kf5 60. Ng3+ Kg5 61. Nf1 Ba3 62. Kf2 Kh4 63. Kg2 Bc1 64. Ng6+ Kg5 65. Ne7 Ba3 66. Nc6 Kf5 67. Kg3 Bc1 68. Nb8 Bc8 69. Kh4 Ke4 70. Kxg4 Bxe3 71. Nxe3 Kxe3 72. Nc6 Kd3 73. Kg5 Kc3 74. Kf6 Kb3 75. Na7 Kxa4 76. Nxc8 Kxb5 77. Nd6+ Kc6 78. Kxe6 a4 1/2-1/2

[Event "FRA-chT U20 0405"]
[Site "Lyon"]
[Date "2004.12.19"]
[Round "6.9"]
[White "Barbier, Alex"]
[Black "Lantz, Robin"]
[Result "1-0"]
[WhiteElo "1070"]
[BlackElo "1240"]
[PlyCount "67"]
[EventDate "2004.11.??"]
[EventType "team"]
[EventRounds "7"]
[EventCountry "FRA"]
[SourceTitle "EXT 2006"]
[Source "ChessBase"]
[SourceDate "2005.11.24"]
[SourceVersion "1"]
[SourceVersionDate "2005.11.24"]
[SourceQuality "1"]
[WhiteTeam "Lyon"]
[BlackTeam "Nancy"]
[WhiteTeamCountry "FRA"]
[BlackTeamCountry "FRA"]

1. e4 c5 2. Nf3 Nc6 3. Nc3 g6 4. Bc4 Bg7 5. 0-0 e6 6. d3 Nge7 7. Be3 b6 8. d4 cxd4 9. Bxd4 Nxd4 10. Nxd4 0-0 11. Nf3 d5 12. exd5 exd5 13. Bb3 Be6 14. Nb5 Bxb2 15. Rb1 Bg7 16. Nbd4 Rc8 17. Ng5 Qd7 18. Re1 Bxd4 19. Qxd4 Nf5 20. Qg4 Ne3 21. Qh4 h5 22. Rxe3 Rfe8 23. Ba4 b5 24. Bb3 a5 25. c3 f6 26. Nxe6 Rxe6 27. Rxe6 Qxe6 28. Rc1 Rxc3 29. Rd1 a4 30. Qd4 Rc8 31. Bxd5 Re8 32. Bxe6+ Rxe6 33. Qd7 Re5 34. Kf1 1-0

[Event "FRA-chT U20 0405"]
[Site "Lyon"]
[Date "2004.12.19"]
[Round "5.9"]
[White "Barbier, Alex"]
[Black "Paci, Nicolas"]
[Result "0-1"]
[WhiteElo "1070"]
[BlackElo "1510"]
[PlyCount "72"]
[EventDate "2004.11.??"]
[EventType "team"]
[EventRounds "7"]
[EventCountry "FRA"]
[SourceTitle "EXT 2006"]
[Source "ChessBase"]
[SourceDate "2005.11.24"]
[SourceVersion "1"]
[SourceVersionDate "2005.11.24"]
[SourceQuality "1"]
[WhiteTeam "Lyon"]
[BlackTeam "Mulhouse"]
[WhiteTeamCountry "FRA"]
[BlackTeamCountry "FRA"]

1. e4 c5 2. Nf3 e6 3. Nc3 Nf6 4. d4 cxd4 5. Qxd4 d6 6. Qd1 Be7 7. Bd3 0-0 8. 0-0 Nc6 9. Be3 a6 10. Qd2 Qc7 11. Rad1 b5 12. a3 Bb7 13. Bf4 e5 14. Bg3 Rfd8 15. Qe3 Rac8 16. Be2 Na5 17. Rd3 Nc4 18. Qc1 Nxe4 19. Nxe4 Bxe4 20. Rdd1 Qc6 21. b3 Nb6 22. Qe3 Bxc2 23. Rc1 Qe4 24. Qxb6 Qxe2 25. Qxa6 Qd3 26. Ne1 Qxb3 27. Nxc2 Rxc2 28. Rxc2 Qxc2 29. Qxb5 Qa2 30. a4 Ra8 31. Qd7 Bf8 32. Bh4 f6 33. g3 g5 34. Bxg5 fxg5 35. Qf5 Qf7 36. Qxg5+ Qg7 0-1

[Event "FRA-chT U20 0405"]
[Site "Lyon"]
[Date "2004.12.18"]
[Round "4.10"]
[White "Barbier, Alex"]
[Black "Fischer, Julie"]
[Result "0-1"]
[WhiteElo "1070"]
[BlackElo "1270"]
[PlyCount "30"]
[EventDate "2004.11.??"]
[EventType "team"]
[EventRounds "7"]
[EventCountry "FRA"]
[SourceTitle "EXT 2006"]
[Source "ChessBase"]
[SourceDate "2005.11.24"]
[SourceVersion "1"]
[SourceVersionDate "2005.11.24"]
[SourceQuality "1"]
[WhiteTeam "Lyon"]
[BlackTeam "Bischwiller"]
[WhiteTeamCountry "FRA"]
[BlackTeamCountry "FRA"]

1. e4 e5 2. Nf3 Nc6 3. Nc3 Bc5 4. Nxe5 Nxe5 5. d4 Bd6 6. dxe5 Bxe5 7. Bc4 Nf6 8. Qd3 0-0 9. 0-0 d6 10. Bg5 Be6 11. Nd5 c6 12. Nxf6+ Bxf6 13. Bxf6 Qxf6 14. Bxe6 fxe6 15. Qxd6 Qxb2 0-1

[Event "FRA-chT U20 0405"]
[Site "France"]
[Date "2004.11.21"]
[Round "3.10"]
[White "Gonzalez, Claire"]
[Black "Barbier, Alex"]
[Result "0-1"]
[WhiteElo "1090"]
[BlackElo "1070"]
[PlyCount "67"]
[EventDate "2004.11.20"]
[EventType "team"]
[EventRounds "11"]
[EventCountry "FRA"]
[SourceTitle "CBM 103 Extra"]
[Source "ChessBase"]
[SourceDate "2005.01.01"]
[SourceVersion "1"]
[SourceVersionDate "2005.01.01"]
[SourceQuality "1"]

1. e4 e5 2. Nf3 Nf6 3. Nc3 Nc6 4. Bc4 Nxe4 5. Nxe4 d5 6. d3 dxc4 7. dxc4 Qxd1+ 8. Kxd1 Bg4 9. b3 Nd4 10. Bb2 Nxf3 11. gxf3 Bxf3+ 12. Kd2 Bxh1 13. Rxh1 0-0-0+ 14. Ke2 Bd6 15. c5 Be7 16. Bxe5 f6 17. Bb2 Rhe8 18. Nd2 Bxc5+ 19. Kd1 Bxf2 20. Kc1 Be3 21. Rd1 Bxd2+ 22. Rxd2 Rxd2 23. Kxd2 g5 24. Bxf6 Rg8 25. Kc3 h6 26. a4 g4 27. b4 g3 28. hxg3 Rxg3+ 29. Kb2 Rg6 30. Be7 h5 31. a5 Rh6 32. c4 h4 33. Bxh4 Rxh4 34. Kb3 0-1